| 000 | 01092nam a2200253 a 4500 | ||
|---|---|---|---|
| 001 | 000011530 | ||
| 005 | 20200929162500.0 | ||
| 008 | 091019s1966 mx a 001 0 spa | ||
| 040 |
_aDO-SdBNP _bspa _cBNPHU |
||
| 082 |
_a917.3 _bJ76e |
||
| 100 | 1 |
_aJones, Howard Mumford, _d1892-1980 _927280 |
|
| 240 | 1 | 2 |
_aO strange new world, _d1964, |
| 245 | 1 | 0 |
_aEste extraño nuevo mundo : _baños formativos de la cultura norteamericana / _cHoward Mumford Jones ; traductor Andrés M. Mateo. |
| 260 |
_aMéxico, D. F. : _bUnión Tipográfica Editorial Hispano Americana, _c1966. |
||
| 300 |
_a376 p. : _bil. ; _c23 cm. |
||
| 490 | 1 | _aBiblioteca Uteha de Historia | |
| 500 | _aIncluye índice alfabético: p. 361-376. | ||
| 504 | _aIncluye referencias bibliográficas y notas al pie de las páginas. | ||
| 534 |
_pTítulo original en inglés: _tO strange new world _cNueva York : The Viking Press, 1964. |
||
| 650 | 4 |
_aEstados unidos _xCivilización _yHASTA 1783 _927281 |
|
| 650 | 4 |
_aEstados unidos _xCivilización _y1783-1865 _927282 |
|
| 830 | 0 |
_aBiblioteca Uteha de Historia _927283 |
|
| 049 | _aBNGR | ||
| 999 |
_c11226 _d11226 |
||